LEADER 02224nam0 2200457 i 450 001 BVEE059124 005 20170908093230.0 012 $atura a.a, e.e. nage (3) 1561 (A)$2fei 100 $a20091120d1561 ||||0itac50 ba 101 | $aita 102 $ait 181 1$6z01$ai $bxxxe 182 1$6z01$an 200 1 $a˜La œspiritata, commedia di Antonfrancesco Grazini, detto il Lasca, recitatasi in Bologna, e in Firenze al pasto del magnifico signore, il s. Bernardetto de Medici, il carnouale dell'anno 1560 210 $aIn Fiorenza$cappresso i Giunti$d1561$eIn Fiorenza$gappresso i Giunti$h1561 215 $a62 [i.e. 64] p.$d8º 300 $aNel tit. 1560 espresso: MDLX 300 $aMarca (Z654) sul front 300 $aColophon a c. D8v 300 $aIniziali xil 300 $aCors. ; rom 300 $aSegn.: A-D⁸ 300 $aRipetute nella numerazione le p. 56-57. 316 $a1 esemplare$5IT-NA0070, SALA VITI RARI.04 24 620 $dFirenze$3RMSL001067 700 0$aLasca$3CFIV096898$4070$0164432 712 02$aGiunta, Bernardo$c <1.> eredi$3BVEV019998$4650 790 1$aGrazzini$b, Antonfrancesco$3CFIV117907$zLasca 790 1$aGrazzini$b, Anton Francesco$3MILV125735$zLasca 790 0$a˜Il œLasca$3SBNV036459$zLasca 791 02$aStamperia de' Giunti$3CFIV280314$zGiunta, Bernardo <1.> eredi 791 02$aGiunta$3CFIV285418$zGiunta, Bernardo <1.> eredi 791 02$aGiunti$3CFIV285419$zGiunta, Bernardo <1.> eredi 801 3$aIT$bIT-NA0079$c20091120 850 $aIT-NA0070 912 $aBVEE059124 921 $aBVEM000551$bGiglio fiorentino sorretto da due putti alati. In basso iniziale F. In cornice figurata$cA51$cZ654$dSul front. 950 0$aBiblioteca Universitaria$b1 v.$c1 esemplare$d BUSALA VITI RARI.04 24$e BUSI 0000182255 B 1 esemplare$fZ $h20091120$i20091120 977 $a BU 996 $aSpiritata, commedia di Antonfrancesco Grazini, detto il Lasca, recitatasi in Bologna, e in Firenze al pasto del magnifico signore, il s. Bernardetto de Medici, il carnouale dell'anno 1560$91482320 997 $aUNISANNIO LEADER 01532nam0 2200373 i 450 001 BVE0087412 005 20251003044055.0 010 $a8832484714 020 $aIT$b96-6440 100 $a20130827d1995 ||||0itac50 ba 101 | $aita 102 $ait 181 1$6z01$ai $bxxxe 182 1$6z01$an 200 1 $aI consorzi$easpetti legali, contabili e fiscali in tema di consorzi, societ consortili, raggruppamenti temporanei di imprese, GEIE$fAdriano Propersi, Giovanna Rossi 205 $a11. ed 210 $aMilano$cPirola$d1995 215 $a588 p.$d24 cm 300 $aIn cop.: Pirola societ. 606 $aConsorzi$2FIR$3CFIC006678$9I 676 $a346.450668$9DIRITTO DELLE SOCIETA. TIPI DIVERSI DI SOCIETA. Italia$v22 696 $aConsorzi per il coordinamento della produzione e degli scambi 699 $aConsorzi$zConsorzi per il coordinamento della produzione e degli scambi 700 1$aPropersi$b, Adriano$3CFIV006027$4070$0106694 701 1$aRossi$b, Giovanna$f <1944- >$3LIAV154156$4070$0313064 801 3$aIT$bIT-000000$c20130827 850 $aIT-BN0095 $aIT-NA0457 901 $bNAP 01$cD $n$ 901 $bNAP BI$cSALA 4 $nLibri da 3786 a 4150 912 $aBVE0087412 950 0$aBiblioteca Centralizzata di Ateneo$b1 v.$c1 v.$d 01D (AR) 20 284$e 01AR 0700202845 VMA A4 1 v.$fY $h19961224$i20181107 977 $a 01$a BI 996 $aConsorzi..$941473 997 $aUNISANNIO